000 01525nam a2200349 i 4500
003 EG-GICUC
005 20260127171351.0
008 260127s2018 ua ||||fr|||| 00| 0 ara d
017 _a2018/7844
020 _a9789770486504
040 _a EG-GICUC
_bara
_c EG-GICUC
_d EG-GICUC
_erda
041 0 _aara
082 0 4 _a343.431
_bأ ش . ن
_221
092 0 4 _221
099 _aLaw1 10 343.431 أ ش . ن 1 ed - 2018 1006521
100 0 _aنور الدين هنداوي.
_eمؤلف.
245 1 0 _aنحو قواعد خاصة للتعويض عن الأضرار الناشئة عن جرائم الإرهاب :
_bدراسة مقارنة في ضوء قانون مكافحة الإرهاب المصري رقم 94 لسنة 2015 /
_cإعداد دكتور أشرف عبد العظيم عبد القادر عبد الواحد.
250 _aالطبعة الأولى،
264 1 _aالقاهرة :
_bدار النهضة العربية،
_c2018.
300 _a185 صفحة ؛
_c24 سم.
_bإيضاحيات، صور، مثيليات ؛
336 _2rda content
_atext
337 _2rda media
_aComputer
338 _2rda carrier
_aOnline Resource
504 _aيشتمل على ارجاعات ببليوجرافية.
546 _aالنص باللغة العربية
650 1 4 _aالتشريع الخاص بالإرهاب.
_2qrmak
650 1 4 _aالقانون الجنائي.
_2qrmak
651 1 _2qrmak
856 4 0 _uhttps://fll.law.cu.edu.eg/fulltext/bks/B10-06521.pdf
905 _a18
942 _2ddc
_cBK
_e21
_n0
999 _c59723
_d59723